| 000 | 00738nam a22002417a 4500 | ||
|---|---|---|---|
| 999 |
_c10381 _d10381 |
||
| 001 | 10381 | ||
| 003 | BD-JhCC | ||
| 005 | 20180519110715.0 | ||
| 008 | 180425b20152003bg ||||| |||| 00| 0 eng d | ||
| 020 | _a9840754289 | ||
| 035 | _a(BD-JhCC)10381 | ||
| 040 |
_aBD-JhCC _dBD-JhCC |
||
| 041 | _aeng | ||
| 082 |
_a954.0254 _bALL 2015 |
||
| 100 | _aআল্লামী, আবুল ফজল | ||
| 245 |
_aআইন-ই-আকবরী প্রথমও দ্বিতীয় খন্ড / _cআবুল ফজল আল্লামী |
||
| 260 |
_aঢাকা : _bবাংলা একাডমী, _c2015. |
||
| 300 |
_a196 p. : _c22 cm. |
||
| 650 | _aMogul Empie | ||
| 651 | _aIndia | ||
| 942 |
_2ddc _cBK |
||